Footballers by Picture - Ghana - Statistics

General Stats
  • This quiz has been taken 74 times
  • The average score is 7 of 20
Answer Stats
Picture Answer % Correct
Michael Essien
90%
Jordan Ayew
73%
Thomas Partey
72%
André Ayew
64%
Mohammed Kudus
52%
Asamoah Gyan
49%
Iñaki Williams
48%
Abedi Pele
43%
Sulley Muntari
37%
Tariq Lamptey
36%
Daniel Amartey
24%
Antoine Semenyo
18%
Mohammed Salisu
18%
Stephen Appiah
16%
Baba Rahman
13%
Jeffrey Schlupp
10%
John Paintsil
9%
Tony Yeboah
6%
Samuel Kuffour
4%
Karim Abdul Razak
3%
No matching quizzes found
Score Distribution
Percent of People with Each Score
Percentile by Number Answered
Your Score History
You have not taken this quiz